000 00321nam a22001337a 4500
008 230523b |||||||| |||| 00| 0 eng d
020 _a9789390644261
100 _aBare Act
245 _aThe Code of Criminal Procedure 1973
260 _aDelhi
_bL&J Pub.
_c2023
300 _a440
546 _aEnglish
942 _2ddc
_cBK
999 _c20036
_d20036